00860nam a2200193 a 450000100100000000500170001000800410002704000250006808200160009311101010010924500640021026000360027430000200031065000770033004900090040795201140041695201190053099900170064900002557920200930023906.0110218s1981 dr 000 0 spa d aDO-SdBNPbspacBNPHU a331.8bC7491 aCongreso de la central unitaria de trabajadoresn(1 :d1981 abril 25-26 :cSanto Domingo)95225810aPrimer congreso de la central unitaria de trabajadores CUT. aSanto Domingo :bTaller,c1981. a90 p. ;c20 cm. 4aSindicatoszRepública DominicanaxCongresos, conferencias, etc.952259 aBNPD 0010718PDaPDbPDcCTd2011-02-18iLF1l0o331.8 C749p25579-10r2020-06-25w2020-06-25yLFPDZNo se presta 0010718PDaPDbPDcCTd2011-02-18iLF1l0o331.8 C749p25579-20r2020-06-25te.2w2020-06-25yLFPDZNo se presta c25071d25071